|
|
|
|
| LEADER |
00000nam a22000007a 4500 |
| 005 |
2020122905155.0 |
| 007 |
cr|||| |||| |
| 008 |
201229s2013 br |||||s|||| 00||0 por d |
| 020 |
|
|
|a 978-85-8248-021-2
|
| 035 |
|
|
|a 32471
|
| 040 |
|
|
|a vLex
|
| 090 |
|
|
|c 11020
|d 11020
|
| 100 |
1 |
|
|a Pereira Vaz Junior, Jorge
|
| 245 |
1 |
0 |
|a Aȯ̂ discriminatr̤ia de terras devolutas
|h [Recurso electrn̤ico] :
|b Ônus da Prova /
|c Jorge Pereira Vaz Junior
|
| 256 |
|
|
|a Servicio en ln̕ea
|
| 260 |
|
|
|a San Pablo:
|b Letras Jurídicas Editora,
|c 2013
|
| 300 |
|
|
|a 1 recurso electrn̤ico
|
| 500 |
|
|
|a Sendo a discriminatr̤ia aȯ̂ de espectro amplo, onde a cogniȯ̂ envolve nô s ̤as ml︢tiplas facetas da dominialidade como tambm̌ as alegaė̳s baseadas na longevidade e demais qualidades das ocupaė̳s, reunindo-se caracters̕ticas dos juz̕os petitr̤ios e possessr̤ios, muito se deveria fazer para se dar a tal aȯ̂ a importńcia que merece.
|
| 506 |
1 |
|
|a Disponible solo en los productos indicados
|d vLex Global
|d vLex Global (Academic Edition, excluding Law Schools)
|d vLex Global (U.S. Academic Edition, Law Schools)
|d vLex Global (U.S. Academic Edition, excluding Law Schools)
|d vLex Global (Academic Edition, Law Schools)
|
| 650 |
0 |
4 |
|a Derecho Procesal
|z Brasil
|
| 650 |
0 |
4 |
|a Procedimiento Civil
|z Brasil
|
| 740 |
0 |
|
|a vLex Libros (Servicio en ln̕ea)
|
| 856 |
4 |
0 |
|u http://vlex.com/source/a-o-discriminatoria-de-terras-devolutas-onus-da-prova-32471
|z Acceso restringido
|
| 942 |
|
|
|c BOOK
|
| 999 |
0 |
|
|a Procedural Law
|
| 999 |
0 |
|
|a Civil Procedure
|